|
|
|
|
| LEADER |
00000nam a2200000 a 4500 |
| 001 |
vtls001219030 |
| 003 |
SK-MaSNL |
| 005 |
20260301234041.0 |
| 008 |
240226s1996 xo ra slo |
| 015 |
|
|
|a SNBA1996/0902629
|
| 020 |
|
|
|a 802200667X
|
| 035 |
|
|
|a SNK000162967
|
| 035 |
|
|
|a urn:nbn:sk:snk-amkf8p
|
| 035 |
|
|
|a urn:nbn:sk:snk-am003t47
|
| 035 |
|
|
|a 5BC21073-1943-4E25-BB52-5B6D3DA413A1
|
| 040 |
|
|
|a SNK
|b slo
|a SNK
|e AACR2
|c SNK
|
| 041 |
0 |
|
|a slo
|
| 044 |
|
|
|a xo
|c SK
|
| 080 |
|
|
|a 821.111 (73)-31
|2 2001
|
| 080 |
|
|
|a (0:82-31)
|2 2001
|
| 100 |
1 |
|
|a Waller, Robert James,
|d 1939-2017
|4 aut
|9 39354
|
| 245 |
1 |
0 |
|a Pomalý valčík
|c Robert James Waller ; [z anglického originálu preložila Hana Contrerasová]
|
| 260 |
|
|
|a Bratislava
|b Slovenský spisovateľ
|c c1996
|
| 300 |
|
|
|a 174 s.
|c 21 cm
|
| 650 |
0 |
7 |
|a americké romány
|2 SNKPH
|9 281747
|
| 650 |
0 |
7 |
|a ľúbostné romány
|2 SNK
|9 85247
|
| 655 |
|
7 |
|a americké romány
|2 SNKPH
|9 1174
|
| 655 |
|
7 |
|a ľúbostné romány
|2 SNKPH
|9 70497
|
| 700 |
1 |
|
|a Contrerasová, Hana,
|d 1945-
|4 trl
|9 89456
|
| 919 |
|
|
|a 80-220-0667-X
|
| 954 |
|
|
|a beletria cudzojazyčná (svetová)
|2 lita
|
| 958 |
|
|
|a TL
|
| 958 |
|
|
|a UP
|
| 958 |
|
|
|a LX
|
| 958 |
|
|
|a US
|
| 958 |
|
|
|a NS
|
| 968 |
|
|
|b ENG
|
| 999 |
|
|
|c 968739
|d 970669
|
| 952 |
|
|
|t P60, <09>, [BOOK], {629}
|a SNK
|b SNK
|y NEVYP
|7 0
|o snkC 1322
|i snk2497/960801
|0 0
|1 0
|4 0
|d 1996-07-31
|l 0
|r 2005-01-01 00:00:00
|w 2026-02-24
|
| 952 |
|
|
|t P60, <03>, [BOOK], {603}
|a SNK
|b SNK
|y PREZ
|7 0
|p 17A0006724
|o snkSC 90927
|i snkKSP 6017/96
|0 0
|1 0
|4 0
|d 1996-07-31
|f 1
|l 0
|r 2025-09-09 00:00:00
|w 2026-02-24
|
| 952 |
|
|
|t P60, <04>, [BOOK], {604}
|a SNK
|b SNK
|y VYP
|7 0
|p 17A0006723
|o snkSC 90927 D1
|i snkKSP 6018/96
|0 0
|1 0
|4 0
|d 1996-07-31
|l 0
|r 2005-01-01 00:00:00
|w 2026-02-24
|